| 000 | 00952nam a2200253 a 4500 | ||
|---|---|---|---|
| 001 | BRCA_6030 | ||
| 005 | 20190320205315.0 | ||
| 008 | 200411s2009----sp-a######---#000-0#spa-# | ||
| 020 | _a9788425222283 | ||
| 041 | _aspa | ||
| 044 | _asp | ||
| 050 | 4 |
_aTS171 _b.P74 2009 |
|
| 100 | 1 |
_aPress, Mike _915217 |
|
| 245 | 1 | 0 |
_aEl diseño como experiencia _bel papel del diseño y los diseñadores en el siglo XXI _cMike Press y Rachel Cooper ; traducción de María Jesús Rivas. |
| 260 |
_aEspaña _bGustavo Gili _c2009 |
||
| 300 |
_a239 p. _bil. _c24 cm. |
||
| 500 | _aIncluye glosario, índice alfabético e índice de cuadros, tablas y figuras | ||
| 500 | _aTraducción de: The Design Experience. The Role of Design and Designers in the Twenty-First Century | ||
| 504 | _aBibliografía: p. 225-232 | ||
| 650 | 1 | 4 |
_aDiseño industrial _915218 |
| 700 | 1 |
_aCooper, Rachel _ecoaut. _915219 |
|
| 700 | 1 |
_aJesús Rivas, María _etr. _915220 |
|
| 942 |
_2lcc _cB |
||
| 999 |
_c5718 _d5718 |
||